Mediation und Probation: Bericht über das Seminar vom 8. - 12. Oktober 1997 in Wittenberg

Saved in:  
Bibliographic Details
Contributors: Mutz, Jürgen (Editor)
Format: Print Book
Language:German
Published: Köln DBH 1999
In: DBH-Materialien (43)
Year: 1999
Availability in Tübingen:Present in Tübingen.
IFK: S 121 43
Check availability: HBZ Gateway
Subito Delivery Service: Order now.

MARC

LEADER 00000cam a22000002c 4500
001 1623478758
003 DE-627
005 20251204011206.0
007 tu
008 020314s1999 xx ||||| 00| ||ger c
015 |a 00,B18,0309  |2 dnb 
016 7 |a 958757747  |2 DE-101 
035 |a (DE-627)1623478758 
035 |a (DE-576)097834181 
035 |a (DE-599)DNB958757747 
040 |a DE-627  |b ger  |c DE-627  |e rakwb 
041 |a ger 
084 |a 16  |a 14  |a 19  |2 sdnb 
245 0 0 |a Mediation und Probation  |b Bericht über das Seminar vom 8. - 12. Oktober 1997 in Wittenberg  |c DBH, Fachverband für Soziale Arbeit, Strafrecht und Kriminalpolitik. Jürgen Mutz ... (Hrsg.) 
263 |a spiralgeh. : DM 9.00 
264 1 |a Köln  |b DBH  |c 1999 
300 |a 90 S. 
336 |a Text  |b txt  |2 rdacontent 
337 |a ohne Hilfsmittel zu benutzen  |b n  |2 rdamedia 
338 |a Band  |b nc  |2 rdacarrier 
490 1 |a DBH-Materialien  |v 43 
500 |a Engl. Ausg. u.d.T.: Mediation and probation 
583 1 |a Archivierung prüfen  |c 20200919  |f DE-640  |z 1  |2 pdager 
700 1 |a Mutz, Jürgen  |e Hrsg.  |4 edt 
810 2 |a Fachverband für Soziale Arbeit, Strafrecht und Kriminalpolitik  |t DBH-Materialien  |v 43  |9 43  |w (DE-627)379727315  |w (DE-576)265699312  |w (DE-600)2137498-3  |x 0938-9474  |7 am 
951 |a BO 
ELC |b 1 
LOK |0 000 xxxxxcx a22 zn 4500 
LOK |0 001 3251150634 
LOK |0 003 DE-627 
LOK |0 004 1623478758 
LOK |0 005 20020314000000 
LOK |0 008 020314||||||||||||||||ger||||||| 
LOK |0 040   |a DE-21-110  |c DE-627  |d DE-21-110 
LOK |0 852   |a DE-21-110 
LOK |0 852 1  |c S 121 43  |m p  |9 00 
LOK |0 935   |a k110 
LOK |0 938   |k p 
LOK |0 939   |a 14-03-02  |b l01 
ORI |a SA-MARC-krimdoka001.raw 
SIG |a IFK: S 121 43